Arbeitsbericht 1989
Guardado en:
| Formato: | Libro |
|---|---|
| Lenguaje: | alemán |
| Publicado: |
Linz
Handelskammer Oberösterreich
1989
|
| Edición: | 1. Aufl. |
| Etiquetas: |
Sin Etiquetas, Sea el primero en etiquetar este registro!
|
MARC
| LEADER | 00000nam a2200000 4500 | ||
|---|---|---|---|
| 001 | c030511 | ||
| 005 | 20250728073122.5 | ||
| 041 | 0 | |a ger | |
| 044 | |a AT | ||
| 245 | 1 | 0 | |a Arbeitsbericht 1989 |
| 250 | |a 1. Aufl. | ||
| 264 | 1 | |a Linz |b Handelskammer Oberösterreich |c 1989 | |
| 300 | |a 73 s. | ||